00630nam a22001697a 450000500170000000800410001702000180005804000100007608200180008610000210010424500530012526000600017830000250023850000270026365001520029070000180044220260313111430.0260313b |||||||| |||| 00| 0 eng d a9788173717208 cVITAP 223a551.4 KAL aKale, Vishwas S. aIntroduction to Geomorphologyc/ Vishwas S. Kale aHyderabadbUniversities Press ( India ) Pvt. Ltd.c2010 aiv, 274p, ill.: 24cm aIt include index pages 0aGeomorphology, Structure of the Earth, Geomorphic Processes, Rivers and Fluvial Landforms, Glacial Geomorphology, Desert and Aeolian Landforms etc. aGupta, Avijit